<?xml version="1.0" encoding="UTF-8"?>
<record
    xmlns:xsi="http://www.w3.org/2001/XMLSchema-instance"
    xsi:schemaLocation="http://www.loc.gov/MARC21/slim http://www.loc.gov/standards/marcxml/schema/MARC21slim.xsd"
    xmlns="http://www.loc.gov/MARC21/slim">

  <leader>00697nam a22002177a 4500</leader>
  <controlfield tag="005">20260404112835.0</controlfield>
  <controlfield tag="008">260402b        |||||||| |||| 00| 0 eng d</controlfield>
  <datafield tag="020" ind1=" " ind2=" ">
    <subfield code="a">978-93-48816-97-9</subfield>
  </datafield>
  <datafield tag="041" ind1=" " ind2=" ">
    <subfield code="a">English</subfield>
  </datafield>
  <datafield tag="082" ind1=" " ind2=" ">
    <subfield code="2">3rd ed 2025</subfield>
    <subfield code="a">MS 610.7361 SHA B13073</subfield>
  </datafield>
  <datafield tag="100" ind1=" " ind2=" ">
    <subfield code="a">Sharma Suresh &amp; Madhavi S</subfield>
    <subfield code="9">217593</subfield>
  </datafield>
  <datafield tag="245" ind1=" " ind2=" ">
    <subfield code="a">Brunner and Suddarth's Textbook of Adult Health Nursing Vol 2</subfield>
  </datafield>
  <datafield tag="250" ind1=" " ind2=" ">
    <subfield code="a">3rd ed.(SAE)</subfield>
  </datafield>
  <datafield tag="260" ind1=" " ind2=" ">
    <subfield code="a">Haryana</subfield>
    <subfield code="b">Wolters Kluwer</subfield>
    <subfield code="c">2025</subfield>
  </datafield>
  <datafield tag="300" ind1=" " ind2=" ">
    <subfield code="a">xxvi,1187p-1983p.</subfield>
    <subfield code="b">pb</subfield>
    <subfield code="c">27.5x21.5cm</subfield>
  </datafield>
  <datafield tag="365" ind1=" " ind2=" ">
    <subfield code="a">Rupaye</subfield>
    <subfield code="b">1775</subfield>
    <subfield code="c">INR</subfield>
  </datafield>
  <datafield tag="500" ind1=" " ind2=" ">
    <subfield code="a">Medical Surgical Nursing
</subfield>
  </datafield>
  <datafield tag="650" ind1=" " ind2=" ">
    <subfield code="a">Medical Surgical Nursing</subfield>
    <subfield code="9">217594</subfield>
  </datafield>
  <datafield tag="651" ind1=" " ind2=" ">
    <subfield code="a">Medical Surgical Nursing</subfield>
    <subfield code="9">217595</subfield>
  </datafield>
  <datafield tag="942" ind1=" " ind2=" ">
    <subfield code="c">BB</subfield>
  </datafield>
  <datafield tag="999" ind1=" " ind2=" ">
    <subfield code="c">370850</subfield>
    <subfield code="d">370850</subfield>
  </datafield>
  <datafield tag="952" ind1=" " ind2=" ">
    <subfield code="0">0</subfield>
    <subfield code="1">0</subfield>
    <subfield code="2">ddc</subfield>
    <subfield code="4">0</subfield>
    <subfield code="7">0</subfield>
    <subfield code="a">BTIN</subfield>
    <subfield code="b">BTIN</subfield>
    <subfield code="d">2026-03-25</subfield>
    <subfield code="e">Sai Book Collection</subfield>
    <subfield code="g">1242.50</subfield>
    <subfield code="i">SB/IN/2193</subfield>
    <subfield code="l">0</subfield>
    <subfield code="o">MS 610.7361 SHA B13073</subfield>
    <subfield code="p">BTIN-BK-13073</subfield>
    <subfield code="r">2026-04-02 11:04:55</subfield>
    <subfield code="t">30%</subfield>
    <subfield code="v">1775.00</subfield>
    <subfield code="w">2026-03-20</subfield>
    <subfield code="y">BB</subfield>
    <subfield code="z">BTIN-BK-13073</subfield>
  </datafield>
  <datafield tag="952" ind1=" " ind2=" ">
    <subfield code="0">0</subfield>
    <subfield code="1">0</subfield>
    <subfield code="2">ddc</subfield>
    <subfield code="4">0</subfield>
    <subfield code="7">0</subfield>
    <subfield code="a">BTIN</subfield>
    <subfield code="b">BTIN</subfield>
    <subfield code="d">2026-03-25</subfield>
    <subfield code="e">Sai Book Collection</subfield>
    <subfield code="g">1242.50</subfield>
    <subfield code="i">SB/IN/2193</subfield>
    <subfield code="l">0</subfield>
    <subfield code="o">MS 610.7361 SHA B13074</subfield>
    <subfield code="p">BTIN-BK-13074</subfield>
    <subfield code="r">2026-04-02 11:04:00</subfield>
    <subfield code="t">30%</subfield>
    <subfield code="v">1775.00</subfield>
    <subfield code="w">2026-03-20</subfield>
    <subfield code="y">BB</subfield>
    <subfield code="z">BTIN-BK-13074</subfield>
  </datafield>
  <datafield tag="952" ind1=" " ind2=" ">
    <subfield code="0">0</subfield>
    <subfield code="1">0</subfield>
    <subfield code="2">ddc</subfield>
    <subfield code="4">0</subfield>
    <subfield code="7">0</subfield>
    <subfield code="a">BTIN</subfield>
    <subfield code="b">BTIN</subfield>
    <subfield code="d">2026-03-25</subfield>
    <subfield code="e">Sai Book Collection</subfield>
    <subfield code="g">1242.50</subfield>
    <subfield code="i">SB/IN/2193</subfield>
    <subfield code="l">0</subfield>
    <subfield code="o">MS 610.7361 SHA B13075</subfield>
    <subfield code="p">BTIN-BK-13075</subfield>
    <subfield code="r">2026-04-02 11:04:00</subfield>
    <subfield code="t">30%</subfield>
    <subfield code="v">1775.00</subfield>
    <subfield code="w">2026-03-20</subfield>
    <subfield code="y">BB</subfield>
    <subfield code="z">BTIN-BK-13075</subfield>
  </datafield>
  <datafield tag="952" ind1=" " ind2=" ">
    <subfield code="0">0</subfield>
    <subfield code="1">0</subfield>
    <subfield code="2">ddc</subfield>
    <subfield code="4">0</subfield>
    <subfield code="7">0</subfield>
    <subfield code="a">BTIN</subfield>
    <subfield code="b">BTIN</subfield>
    <subfield code="d">2026-03-25</subfield>
    <subfield code="e">Sai Book Collection</subfield>
    <subfield code="g">1242.50</subfield>
    <subfield code="i">SB/IN/2193</subfield>
    <subfield code="l">0</subfield>
    <subfield code="o">MS 610.7361 SHA B13076</subfield>
    <subfield code="p">BTIN-BK-13076</subfield>
    <subfield code="r">2026-04-02 11:04:00</subfield>
    <subfield code="t">30%</subfield>
    <subfield code="v">1775.00</subfield>
    <subfield code="w">2026-03-20</subfield>
    <subfield code="y">BB</subfield>
    <subfield code="z">BTIN-BK-13076</subfield>
  </datafield>
  <datafield tag="952" ind1=" " ind2=" ">
    <subfield code="0">0</subfield>
    <subfield code="1">0</subfield>
    <subfield code="2">ddc</subfield>
    <subfield code="4">0</subfield>
    <subfield code="7">0</subfield>
    <subfield code="a">BTIN</subfield>
    <subfield code="b">BTIN</subfield>
    <subfield code="d">2026-03-25</subfield>
    <subfield code="e">Sai Book Collection</subfield>
    <subfield code="g">1242.50</subfield>
    <subfield code="i">SB/IN/2193</subfield>
    <subfield code="l">0</subfield>
    <subfield code="o">MS 610.7361 SHA B13077</subfield>
    <subfield code="p">BTIN-BK-13077</subfield>
    <subfield code="r">2026-04-02 11:04:00</subfield>
    <subfield code="t">30%</subfield>
    <subfield code="v">1775.00</subfield>
    <subfield code="w">2026-03-20</subfield>
    <subfield code="y">BB</subfield>
    <subfield code="z">BTIN-BK-13077</subfield>
  </datafield>
  <datafield tag="952" ind1=" " ind2=" ">
    <subfield code="0">0</subfield>
    <subfield code="1">0</subfield>
    <subfield code="2">ddc</subfield>
    <subfield code="4">0</subfield>
    <subfield code="7">0</subfield>
    <subfield code="a">BTIN</subfield>
    <subfield code="b">BTIN</subfield>
    <subfield code="d">2026-03-25</subfield>
    <subfield code="e">Sai Book Collection</subfield>
    <subfield code="g">1242.50</subfield>
    <subfield code="i">SB/IN/2193</subfield>
    <subfield code="l">0</subfield>
    <subfield code="o">MS 610.7361 SHA B13078</subfield>
    <subfield code="p">BTIN-BK-13078</subfield>
    <subfield code="r">2026-04-02 11:04:00</subfield>
    <subfield code="t">30%</subfield>
    <subfield code="v">1775.00</subfield>
    <subfield code="w">2026-03-20</subfield>
    <subfield code="y">BB</subfield>
    <subfield code="z">BTIN-BK-13078</subfield>
  </datafield>
  <datafield tag="952" ind1=" " ind2=" ">
    <subfield code="0">0</subfield>
    <subfield code="1">0</subfield>
    <subfield code="2">ddc</subfield>
    <subfield code="4">0</subfield>
    <subfield code="7">0</subfield>
    <subfield code="a">BTIN</subfield>
    <subfield code="b">BTIN</subfield>
    <subfield code="d">2026-03-25</subfield>
    <subfield code="e">Sai Book Collection</subfield>
    <subfield code="g">1242.50</subfield>
    <subfield code="i">SB/IN/2193</subfield>
    <subfield code="l">0</subfield>
    <subfield code="o">MS 610.7361 SHA B13079</subfield>
    <subfield code="p">BTIN-BK-13079</subfield>
    <subfield code="r">2026-04-02 11:04:00</subfield>
    <subfield code="t">30%</subfield>
    <subfield code="v">1775.00</subfield>
    <subfield code="w">2026-03-20</subfield>
    <subfield code="y">BB</subfield>
    <subfield code="z">BTIN-BK-13079</subfield>
  </datafield>
  <datafield tag="952" ind1=" " ind2=" ">
    <subfield code="0">0</subfield>
    <subfield code="1">0</subfield>
    <subfield code="2">ddc</subfield>
    <subfield code="4">0</subfield>
    <subfield code="7">0</subfield>
    <subfield code="a">BTIN</subfield>
    <subfield code="b">BTIN</subfield>
    <subfield code="d">2026-03-25</subfield>
    <subfield code="e">Sai Book Collection</subfield>
    <subfield code="g">1242.50</subfield>
    <subfield code="i">SB/IN/2193</subfield>
    <subfield code="l">0</subfield>
    <subfield code="o">MS 610.7361 SHA B13080</subfield>
    <subfield code="p">BTIN-BK-13080</subfield>
    <subfield code="r">2026-04-02 11:04:00</subfield>
    <subfield code="t">30%</subfield>
    <subfield code="v">1775.00</subfield>
    <subfield code="w">2026-03-20</subfield>
    <subfield code="y">BB</subfield>
    <subfield code="z">BTIN-BK-13080</subfield>
  </datafield>
  <datafield tag="952" ind1=" " ind2=" ">
    <subfield code="0">0</subfield>
    <subfield code="1">0</subfield>
    <subfield code="2">ddc</subfield>
    <subfield code="4">0</subfield>
    <subfield code="7">0</subfield>
    <subfield code="a">BTIN</subfield>
    <subfield code="b">BTIN</subfield>
    <subfield code="d">2026-03-25</subfield>
    <subfield code="e">Sai Book Collection</subfield>
    <subfield code="g">1242.50</subfield>
    <subfield code="i">SB/IN/2193</subfield>
    <subfield code="l">0</subfield>
    <subfield code="o">MS 610.7361 SHA B13081</subfield>
    <subfield code="p">BTIN-BK-13081</subfield>
    <subfield code="r">2026-04-02 11:04:00</subfield>
    <subfield code="t">30%</subfield>
    <subfield code="v">1775.00</subfield>
    <subfield code="w">2026-03-20</subfield>
    <subfield code="y">BB</subfield>
    <subfield code="z">BTIN-BK-13081</subfield>
  </datafield>
  <datafield tag="952" ind1=" " ind2=" ">
    <subfield code="0">0</subfield>
    <subfield code="1">0</subfield>
    <subfield code="2">ddc</subfield>
    <subfield code="4">0</subfield>
    <subfield code="7">0</subfield>
    <subfield code="a">BTIN</subfield>
    <subfield code="b">BTIN</subfield>
    <subfield code="d">2026-03-25</subfield>
    <subfield code="e">Sai Book Collection</subfield>
    <subfield code="g">1242.50</subfield>
    <subfield code="i">SB/IN/2193</subfield>
    <subfield code="l">0</subfield>
    <subfield code="o">MS 610.7361 SHA B13082</subfield>
    <subfield code="p">BTIN-BK-13082</subfield>
    <subfield code="r">2026-04-02 11:04:00</subfield>
    <subfield code="t">30%</subfield>
    <subfield code="v">1775.00</subfield>
    <subfield code="w">2026-03-20</subfield>
    <subfield code="y">BB</subfield>
    <subfield code="z">BTIN-BK-13082</subfield>
  </datafield>
</record>
